000 00511nam a22002057a 4500
003 OSt
005 20140310182828.0
008 130530t xxu||||| |||| 00| 0 eng d
020 _a1576838277
050 _aBT 738.5
_b.F299 2005
082 _aM 294.54
_bF32 2006
245 _aRedefining life
_bmy purpose
_cFeiberg, Margaret
260 _aU.S.A
_bThink Books
_c2005
300 _a142 p.
_c21 cm
521 _aCollege
526 _c1210L-1700L
541 _j1
562 _e1
942 _2lcc
_cBK
_kM
999 _c16557
_d16557